Thermodynamics (Record no. 8344)

000 -LEADER
fixed length control field 00603nam a2200217 i 4500
001 - CONTROL NUMBER
control field 8344
003 - CONTROL NUMBER IDENTIFIER
control field BD-DhUET
008 - FIXED-LENGTH DATA ELEMENTS--GENERAL INFORMATION
fixed length control field 770308s1978 nyua b 001 0 eng
020 ## - INTERNATIONAL STANDARD BOOK NUMBER
International Standard Book Number 0023355301
040 ## - CATALOGING SOURCE
Original cataloging agency DLC
Transcribing agency DLC
Modifying agency BD-DhUET
082 ## - DEWEY DECIMAL CLASSIFICATION NUMBER
Classification number 621.01
Item number FAI/1970
100 ## - MAIN ENTRY--PERSONAL NAME
Personal name Faires, Virgil Moring
245 10 - TITLE STATEMENT
Title Thermodynamics
Statement of responsibility, etc. by Virgil Moring Faires and Clifford Max Simmang
250 ## - EDITION STATEMENT
Edition statement 6th ed.
260 ## - PUBLICATION, DISTRIBUTION, ETC. (IMPRINT)
Place of publication, distribution, etc. New York
Name of publisher, distributor, etc. Macmillan
Date of publication, distribution, etc. 1970
300 ## - PHYSICAL DESCRIPTION
Extent xxiii, 647 p.
Other physical details ill.
Dimensions 26 cm.
504 ## - BIBLIOGRAPHY, ETC. NOTE
Bibliography, etc Includes bibliographies
650 #0 - SUBJECT ADDED ENTRY--TOPICAL TERM
Topical term or geographic name as entry element Thermodynamics
700 ## - ADDED ENTRY--PERSONAL NAME
Personal name Simmang, Clifford Max
942 ## - ADDED ENTRY ELEMENTS (KOHA)
Koha item type General Book
Holdings
Koha date last seen Source of classification or shelving scheme Koha normalized classification for sorting Withdrawn status Location (home branch) Shelving location Not for loan Sublocation or collection (holding branch) Koha item type Piece designation (barcode) Koha full call number Date acquired Copy number Damaged status Price effective from Lost status
2015-01-20 621_010000000000000_FAI_1978 Central Library, BUETCirculation section Central Library, BUETGeneral Book42943621.01/FAI/19782015-01-201 2015-01-20 
2024-12-11 621_010000000000000_FAI_1970 Central Library, BUETRental section Central Library, BUETRental Item63135621.01 FAI/19701985-06-11৬/ক-১ 2024-12-11 
2024-12-11 621_010000000000000_FAI_1970 Central Library, BUETRental section Central Library, BUETRental Item63136621.01 FAI/19701985-06-11৬/ক-২ 2024-12-11 
2024-12-11 621_010000000000000_FAI_1970 Central Library, BUETRental section Central Library, BUETRental Item63137621.01 FAI/19701985-06-11৬/ক-৩ 2024-12-11 
2024-12-11 621_010000000000000_FAI_1970 Central Library, BUETRental section Central Library, BUETRental Item63138621.01 FAI/19701985-06-11৬/ক-৪ 2024-12-11 
2024-12-11 621_010000000000000_FAI_1970 Central Library, BUETRental section Central Library, BUETRental Item63139621.01 FAI/19701985-06-11৬/ক-৫ 2024-12-11 
2024-12-11 621_010000000000000_FAI_1970 Central Library, BUETRental section Central Library, BUETRental Item63140621.01 FAI/19701985-06-11৬/ক-৬ 2024-12-11 
2024-12-11 621_010000000000000_FAI_1970 Central Library, BUETRental section Central Library, BUETRental Item63141621.01 FAI/19701985-06-11৬/ক-৭ 2024-12-11 
2024-12-11 621_010000000000000_FAI_1970 Central Library, BUETRental section Central Library, BUETRental Item63142621.01 FAI/19701985-06-11৬/ক-৮ 2024-12-11 
2024-12-11 621_010000000000000_FAI_1970 Central Library, BUETRental section Central Library, BUETRental Item63143621.01 FAI/19701985-06-11৬/ক-৯ 2024-12-11 
2024-12-11 621_010000000000000_FAI_1970 Central Library, BUETRental section Central Library, BUETRental Item63144621.01 FAI/19701985-06-11৬/ক-১০ 2024-12-11 
2024-12-11 621_010000000000000_FAI_1970 Central Library, BUETRental section Central Library, BUETRental Item63145621.01 FAI/19701985-06-11৬/ক-১১ 2024-12-11 
2024-12-11 621_010000000000000_FAI_1970 Central Library, BUETRental section Central Library, BUETRental Item63146621.01 FAI/19701985-06-11৬/ক-১২ 2024-12-11 
2024-12-11 621_010000000000000_FAI_1970 Central Library, BUETRental section Central Library, BUETRental Item63147621.01 FAI/19701985-06-11৬/ক-১৩ 2024-12-11 
2024-12-11 621_010000000000000_FAI_1970 Central Library, BUETRental section Central Library, BUETRental Item63148621.01 FAI/19701985-06-11৬/ক-১৪ 2024-12-11 
2024-12-11 621_010000000000000_FAI_1970 Central Library, BUETRental section Central Library, BUETRental Item63149621.01 FAI/19701985-06-11৬/ক-১৫ 2024-12-11 
2024-12-11 621_010000000000000_FAI_1970 Central Library, BUETRental section Central Library, BUETRental Item63150621.01 FAI/19701985-06-11৬/ক-১৬ 2024-12-11 
2024-12-11 621_010000000000000_FAI_1970 Central Library, BUETRental section Central Library, BUETRental Item63151621.01 FAI/19701985-06-11৬/ক-১৭ 2024-12-11 
2024-12-11 621_010000000000000_FAI_1970 Central Library, BUETRental section Central Library, BUETRental Item63152621.01 FAI/19701985-06-11৬/ক-১৮ 2024-12-11 
2024-12-11 621_010000000000000_FAI_1970 Central Library, BUETRental section Central Library, BUETRental Item63153621.01 FAI/19701985-06-11৬/ক-১৯ 2024-12-11 
2024-12-11 621_010000000000000_FAI_1970 Central Library, BUETRental section Central Library, BUETRental Item63154621.01 FAI/19701985-06-11৬/ক-২০ 2024-12-11